5 kľúčových pojmov v shopper marketingu budúcnosti

Momentálne sa nachádzame v ére tzv. "omnichannel" maloobchodu. Základné pojmy, ktoré budú kľúčové pre úspech v omnichannel prostredí. Nové kanály na komunikáciu so zákazníkom. Proximity marketing. Message management. Click & collect.

Gespeichert in:
Bibliographische Detailangaben
1. Verfasser: Minárik, Daniel
Format: Buchkapitel
Sprache:Slowakisch
Schlagworte:
Tags: Tag hinzufügen
Keine Tags, Fügen Sie das erste Tag hinzu!

MARC

LEADER 00000naa a2200000 4500
001 0208881
005 20231208070656.3
041 0 |a slo 
044 |a SK 
245 1 0 |a 5 kľúčových pojmov v shopper marketingu budúcnosti  |c Daniel Minárik 
520 |a Momentálne sa nachádzame v ére tzv. "omnichannel" maloobchodu. Základné pojmy, ktoré budú kľúčové pre úspech v omnichannel prostredí. Nové kanály na komunikáciu so zákazníkom. Proximity marketing. Message management. Click & collect. 
610 2 0 |a obchod 
610 2 0 |a zákazníci 
610 2 0 |a komunikácia 
610 2 0 |a technológie nové 
100 1 |a Minárik, Daniel